MARC details
| 000 -LEADER |
| fixed length control field |
00717cam a2200205 4500 |
| 001 - CONTROL NUMBER |
| control field |
WB3639-37 |
| 008 - FIXED-LENGTH DATA ELEMENTS--GENERAL INFORMATION |
| fixed length control field |
000000n2000 000 0 eng u |
| 035 ## - SYSTEM CONTROL NUMBER |
| System control number |
(Sirsi) u108641 |
| 245 ## - TITLE STATEMENT |
| Title |
RICS Awards |
| 260 ## - PUBLICATION, DISTRIBUTION, ETC. |
| Date of publication, distribution, etc. |
2000 |
| 490 ## - SERIES STATEMENT |
| Series statement |
RICS Press Release |
| Volume/sequential designation |
(pr115) 3 October 2000 |
| 520 ## - SUMMARY, ETC. |
| Summary, etc. |
Twenty two RICS Awards winners were announced at a ceremony attended by HRH The Prince of Wales in London's Docklands. The 'Building of the Year' award went to Ty Mawr, a medieval house in Wales. List of winners. |
| 590 ## - LOCAL NOTE (RLIN) |
| Local note |
WB |
| 650 ## - SUBJECT ADDED ENTRY--TOPICAL TERM |
| Topical term or geographic name entry element |
ABOUT RICS-AWARDS |
| 650 ## - SUBJECT ADDED ENTRY--TOPICAL TERM |
| Topical term or geographic name entry element |
BUILT ENVIRONMENT-CONSTRUCTION DESIGN |
| 650 ## - SUBJECT ADDED ENTRY--TOPICAL TERM |
| Topical term or geographic name entry element |
BUILDING CONSERVATION |
| 650 ## - SUBJECT ADDED ENTRY--TOPICAL TERM |
| Topical term or geographic name entry element |
REGENERATION |
| 690 ## - LOCAL SUBJECT ADDED ENTRY--TOPICAL TERM (OCLC, RLIN) |
| Topical term or geographic name as entry element |
RICS NEWS |
| 942 ## - ADDED ENTRY ELEMENTS (KOHA) |
| Suppress in OPAC |
0 |